|
|
|
|
| LEADER |
00000nam2a2200000 4500 |
| 001 |
160970 |
| 005 |
20231031155749.0 |
| 035 |
|
|
|a (RuTPU)RU\TPU\book\174566
|
| 090 |
|
|
|a 160970
|
| 100 |
|
|
|a 20090601d1959 km y0rusy50 ca
|
| 101 |
0 |
|
|a rus
|
| 102 |
|
|
|a RU
|
| 105 |
|
|
|a a z 101zy
|
| 200 |
0 |
|
|a Т. 10: Получение и применение изотопов
|
| 210 |
|
|
|d 1959
|
| 215 |
|
|
|a 603 с.
|c ил.
|
| 320 |
|
|
|a Библиография в конце статей
|
| 461 |
|
1 |
|0 (RuTPU)RU\TPU\book\59532
|t Труды второй международной конференции по мирному использованию атомной энергии
|o избранные доклады иностранных ученых
|o в 16 томах
|v Т.10: Получение и применение изотопов
|d 1959
|
| 610 |
1 |
|
|a получение
|
| 610 |
1 |
|
|a применение
|
| 610 |
1 |
|
|a изотопы
|
| 610 |
1 |
|
|a производство
|
| 610 |
1 |
|
|a дозиметрия
|
| 610 |
1 |
|
|a оборудование
|
| 675 |
|
|
|a 621.039.8.002
|v 3
|
| 702 |
|
1 |
|a Курдюмов
|b Г. В.
|4 340
|
| 801 |
|
1 |
|a RU
|b 63413507
|c 20090601
|g PSBO
|
| 801 |
|
2 |
|a RU
|b 63413507
|c 20210223
|g PSBO
|
| 942 |
|
|
|c BK
|